<?xml version="1.0" encoding="UTF-8"?>
<record
    xmlns:xsi="http://www.w3.org/2001/XMLSchema-instance"
    xsi:schemaLocation="http://www.loc.gov/MARC21/slim http://www.loc.gov/standards/marcxml/schema/MARC21slim.xsd"
    xmlns="http://www.loc.gov/MARC21/slim">

  <leader>00381nam a22001217a 4500</leader>
  <datafield tag="020" ind1=" " ind2=" ">
    <subfield code="a">9783030171063</subfield>
  </datafield>
  <datafield tag="082" ind1=" " ind2=" ">
    <subfield code="a">629.892</subfield>
    <subfield code="b">KOR</subfield>
  </datafield>
  <datafield tag="100" ind1=" " ind2=" ">
    <subfield code="a">Korn ,Oliver</subfield>
  </datafield>
  <datafield tag="245" ind1=" " ind2=" ">
    <subfield code="a">Socila Robots :</subfield>
    <subfield code="b">technological, societal and ethical aspects of human-robot interaction /</subfield>
    <subfield code="c">Oliver Korn</subfield>
  </datafield>
  <datafield tag="260" ind1=" " ind2=" ">
    <subfield code="a">USA :</subfield>
    <subfield code="b">Springer ,</subfield>
    <subfield code="c">2019.</subfield>
  </datafield>
  <datafield tag="300" ind1=" " ind2=" ">
    <subfield code="a">XIII, 288p. ;</subfield>
    <subfield code="b">Hardbinding,</subfield>
  </datafield>
  <datafield tag="942" ind1=" " ind2=" ">
    <subfield code="2">ddc</subfield>
    <subfield code="c">BK</subfield>
  </datafield>
  <datafield tag="999" ind1=" " ind2=" ">
    <subfield code="c">611508</subfield>
    <subfield code="d">611508</subfield>
  </datafield>
  <datafield tag="952" ind1=" " ind2=" ">
    <subfield code="0">0</subfield>
    <subfield code="1">0</subfield>
    <subfield code="2">ddc</subfield>
    <subfield code="4">0</subfield>
    <subfield code="6">629_892000000000000_KOR</subfield>
    <subfield code="7">0</subfield>
    <subfield code="9">635836</subfield>
    <subfield code="a">SMME</subfield>
    <subfield code="b">SMME</subfield>
    <subfield code="c">GEN</subfield>
    <subfield code="d">2024-09-12</subfield>
    <subfield code="l">0</subfield>
    <subfield code="o">629.892 KOR</subfield>
    <subfield code="p">SMME-4617</subfield>
    <subfield code="r">2024-09-12</subfield>
    <subfield code="w">2024-09-12</subfield>
    <subfield code="y">BK</subfield>
  </datafield>
  <datafield tag="952" ind1=" " ind2=" ">
    <subfield code="0">0</subfield>
    <subfield code="1">0</subfield>
    <subfield code="2">ddc</subfield>
    <subfield code="4">0</subfield>
    <subfield code="6">629_892000000000000_KOR</subfield>
    <subfield code="7">0</subfield>
    <subfield code="9">635837</subfield>
    <subfield code="a">SMME</subfield>
    <subfield code="b">SMME</subfield>
    <subfield code="d">2024-09-12</subfield>
    <subfield code="l">0</subfield>
    <subfield code="o">629.892 KOR</subfield>
    <subfield code="p">SMME-4618</subfield>
    <subfield code="r">2024-09-12</subfield>
    <subfield code="w">2024-09-12</subfield>
    <subfield code="y">BK</subfield>
  </datafield>
  <datafield tag="952" ind1=" " ind2=" ">
    <subfield code="0">0</subfield>
    <subfield code="1">0</subfield>
    <subfield code="2">ddc</subfield>
    <subfield code="4">0</subfield>
    <subfield code="6">629_892000000000000_KOR</subfield>
    <subfield code="7">0</subfield>
    <subfield code="9">635838</subfield>
    <subfield code="a">SMME</subfield>
    <subfield code="b">SMME</subfield>
    <subfield code="d">2024-09-12</subfield>
    <subfield code="l">0</subfield>
    <subfield code="o">629.892 KOR</subfield>
    <subfield code="p">SMME-4619</subfield>
    <subfield code="r">2024-09-12</subfield>
    <subfield code="w">2024-09-12</subfield>
    <subfield code="y">BK</subfield>
  </datafield>
</record>
